| 000 | 00480nam a22001937a 4500 | ||
|---|---|---|---|
| 003 | MPLRDC | ||
| 005 | 20220104123408.0 | ||
| 008 | 210129b ||||| |||| 00| 0 eng d | ||
| 020 | _a957-593-312-5 | ||
| 082 | _a889 LMJD v.58 | ||
| 100 | _aJULIE GARWOOD | ||
| 245 |
_a痴迷 _c李静笙译 |
||
| 250 | _a第二版 | ||
| 260 |
_a _b林白出版社 _c1993 |
||
| 300 | _b平 | ||
| 490 | _a浪漫经典. 58 | ||
| 650 | _a西洋小说之中文翻译 | ||
| 942 |
_cBK _o889 LMJD v.58 |
||
| 999 |
_c11088 _d11078 |
||